La nueva reconquista / (Record no. 16724)
[ view plain ]
| 000 -LEADER | |
|---|---|
| campo de control de longitud fija | 01091nam a2200277 i 4500 |
| 001 - NÚMERO DE CONTROL | |
| campo de control | 16724 |
| 003 - IDENTIFICADOR DE NÚMERO DE CONTROL | |
| campo de control | ES-MaACL |
| 005 - FECHA Y HORA DE LA ÚLTIMA TRANSACCIÓN | |
| campo de control | 20250625165630.0 |
| 007 - CAMPO FIJO DE DESCRIPCIÓN FÍSICA--INFORMACIÓN GENERAL | |
| campo de control de longitud fija | t| |
| 008 - DATOS DE LONGITUD FIJA--INFORMACIÓN GENERAL | |
| campo de control de longitud fija | 001027s2000 sp ||||1| spa d |
| 020 ## - NÚMERO INTERNACIONAL ESTÁNDAR DEL LIBRO | |
| Número Internacional Estándar del Libro | 84-89753-32-6 |
| 080 ## - NÚMERO DE LA CLASIFICACIÓN DECIMAL UNIVERSAL | |
| Número de la Clasificación Decimal Universal | 338.1(100)"1945/..." |
| 080 ## - NÚMERO DE LA CLASIFICACIÓN DECIMAL UNIVERSAL | |
| Número de la Clasificación Decimal Universal | 338.23(460)"1982/96":331 |
| 100 1# - ENTRADA PRINCIPAL--NOMBRE DE PERSONA | |
| Nombre de persona | Petras, James F. |
| 9 (RLIN) | 91529 |
| 245 13 - MENCIÓN DEL TÍTULO | |
| Título | La nueva reconquista / |
| Mención de responsabilidad, etc. | James Petras ; [traducción del Informe Petras, Oscar Fontrodona, traducción de los otros ensayos, Iraitz Zuazabeitia]. |
| 250 ## - MENCION DE EDICION | |
| Mención de edición | 2ª ed. |
| 260 ## - PUBLICACIÓN, DISTRIBUCIÓN, ETC. | |
| Lugar de publicación, distribución, etc. | Hondarribia : |
| Nombre del editor, distribuidor, etc. | Hiru, |
| Fecha de publicación, distribución, etc. | 2000. |
| 300 ## - DESCRIPCIÓN FÍSICA | |
| Extensión | 172 p. ; |
| Dimensiones | 15 cm. |
| 505 8# - NOTA DE CONTENIDO CON FORMATO | |
| Nota de contenido con formato | Contiene: El informe Petras ; Globalización y ciudadanía: dimensiones sociales y políticas ; De Pericles a Samaranch ; El imperialismo resurgente: el problema principal del nuevo milenio |
| 650 #4 - PUNTO DE ACCESO ADICIONAL DE MATERIA--TÉRMINO DE MATERIA | |
| Término de materia o nombre geográfico como elemento de entrada | Economía mundial- |
| Subdivisión cronológica | 1945-1989. |
| 9 (RLIN) | 152137 |
| 651 #4 - PUNTO DE ACCESO ADICIONAL DE MATERIA--NOMBRE GEOGRÁFICO | |
| Nombre geográfico | España- |
| Subdivisión general | Política laboral- |
| Subdivisión cronológica | 1982-1996. |
| 9 (RLIN) | 8433 |
| 700 1# - ENTRADA AGREGADA--NOMBRE PERSONAL | |
| Nombre de persona | Fontrodona, Óscar, |
| Fechas asociadas al nombre | 1963- |
| 9 (RLIN) | 174229 |
| 700 1# - ENTRADA AGREGADA--NOMBRE PERSONAL | |
| Nombre de persona | Zuazabeitia, Iraitz. |
| 9 (RLIN) | 174230 |
| 852 4# - LOCALIZACIÓN | |
| Ubicación | ES-MaACL |
| Número de control de estantería | L-23757 |
| Estatus retirado | Estado de pérdida | Estado de daño | No para préstamo | Biblioteca de origen | Biblioteca actual | Ubicación en estantería | Fecha de adquisición | Fuente de adquisición | Total de préstamos | Signatura topográfica completa | Código de barras | Visto por última vez | Precio de reemplazo | Tipo de ítem Koha |
|---|---|---|---|---|---|---|---|---|---|---|---|---|---|---|
| Biblioteca del Ateneo de Madrid | Biblioteca del Ateneo de Madrid | Depósito 2 | 17/01/2008 | L-23757 | 1016986 | 23/02/2023 | 23/02/2023 | Libro impreso |
